[Event "St Petersburg op"]
[Site "St Petersburg"]
[Date "1994.??.??"]
[Round "4"]
[White "Malaniuk, Vladimir P"]
[Black "Agrest, Evgenij"]
[Result "1-0"]
[WhiteElo "2595"]
[BlackElo "2475"]

1.d4 d6 2.e4 Nf6 3.Nc3 e5 4.Nf3 Nbd7 5.Bc4 Be7 6.O-O O-O 7.Re1 c6 8.a4 b6
9.Bg5 Bb7 10.Bxf6 Bxf6 11.d5 c5 12.a5 g6 13.Qd3 a6 14.axb6 Nxb6 15.Nd2 Bg5
16.Nb3 Nxc4 17.Qxc4 Bc8 18.Na5 Bd7 19.Qd3 Qc7 20.Ra2 Rfb8 21.Rea1 Rb4 22.Nc4 Bc8
23.b3 Kg7 24.Ne2 Bf6 25.h3 Bd8 26.Na5 Bd7 27.Nc3 Bf6 28.Qe2 Bd8 29.Kh2 Rbb8
30.Qd3 Rb4 31.Qe3 h6 32.Qe2 Rbb8 33.Qd2 Bg5 34.Qd3 Rb4 35.Qe2 Bd8 36.Kg1 Rbb8
37.Qd3 Rb4 38.Kh1 Bg5 39.Qe2 Bd8 40.Kh2 Rbb8 41.Nc4 Bc8 42.Kh1 Rb4 43.Nd1 Qe7
44.Ndb2 Rbb8 45.Qe3 Bb7 46.Na4 Bc8 47.f4 f6 48.Rf1 Bd7 49.f5 g5 50.Rfa1 Bc8
51.Qd3 Bc7 52.Nxc5 dxc5 53.d6 Bxd6 54.Nxd6 Rb6 55.Nxc8 Rxc8 56.Rxa6 Rxa6
57.Rxa6 Rd8 58.Qb5 h5 59.Rb6 Rd7 60.Re6 Rd1+ 61.Kh2 Qa7 62.Qe8  1-0

[Event "St Petersburg op2"]
[Site "St Petersburg"]
[Date "1994.??.??"]
[Round "6"]
[White "Turov, Maxim"]
[Black "Agrest, Evgenij"]
[Result "1/2-1/2"]
[WhiteElo "2405"]
[BlackElo "2475"]

1.e4 d6 2.d4 Nf6 3.Nc3 c6 4.Nf3 Bg4 5.Be2 e6 6.O-O Be7 7.h3 Bh5 8.Bf4 O-O
9.e5 dxe5 10.dxe5 Nd5 11.Nxd5 cxd5 12.Nd4 Bxe2 13.Qxe2 Nc6 14.Nxc6 bxc6 15.c4 d4
16.Rad1 c5 17.Rd3 Rb8 18.Bc1 Qd7 19.f4 f6 20.exf6 Rxf6 21.b3 Bd6 22.Qe4 Qf7
23.Re1 Qc7 24.Bd2 Rbf8 25.Rf3 h6 26.Ref1 Qc8 27.Re1 Qa6 28.a4 Qc8 29.Re2 R8f7
30.Ref2 Qb7 31.Re2 Qxe4 32.Rxe4 Rb7 33.Kf2 Kf7 34.Ke2 g5 35.fxg5 Rxf3 36.gxf3 hxg5
37.h4 gxh4 38.Rxh4 Be5 39.Rh5 Kf6 40.Rh6+ Kf5 41.Rh5+ Kf6 42.Rh6+ Kf7 43.Rh5 Kf6
44.Rh6+  1/2-1/2

[Event "St Petersburg op"]
[Site "St Petersburg"]
[Date "1994.??.??"]
[Round "6"]
[White "Varlamov, Viacheslav"]
[Black "Agrest, Evgenij"]
[Result "0-1"]
[WhiteElo "2290"]
[BlackElo "2475"]

1.e4 d6 2.d4 Nf6 3.Nc3 c6 4.a4 Qa5 5.Bd3 e5 6.Ne2 Be7 7.O-O O-O 8.h3 Nbd7
9.Re1 Qc7 10.a5 Re8 11.f4 Bf8 12.Kh1 a6 13.Bc4 b5 14.axb6 Nxb6 15.Bb3 Bb7
16.Ng3 exd4 17.Qxd4 c5 18.Qf2 h5 19.e5 dxe5 20.fxe5 h4 21.Nf5 Rxe5 22.Rxe5 Qxe5
23.Bg5 c4 24.Re1 Bc5 25.Qf1 Ne4 26.Nxe4 Bxe4 27.Nh6+ gxh6 28.Bf6 Qf5 29.Bxc4  0-1

[Event "St Petersburg op"]
[Site "St Petersburg"]
[Date "1994.??.??"]
[Round "8"]
[White "Turov, Maxim"]
[Black "Cherniaev, Alexander"]
[Result "1/2-1/2"]
[WhiteElo "2490"]
[BlackElo "2410"]

1.e4 d6 2.d4 Nf6 3.Nc3 c6 4.h3 Nbd7 5.Nf3 e5 6.Be2 Be7 7.O-O O-O 8.a4 Re8
9.Re1 Bf8 10.Bf1 Qc7 11.Bg5 h6 12.Bh4 g6 13.Qd2 Bg7 14.Rad1 a6 15.Qc1 b6
16.Bg3 Bb7 17.Rd2 b5 18.axb5 cxb5 19.dxe5 dxe5 20.Nd5 Nxd5 21.exd5 Qc5 22.Rde2 Qxd5
23.c4 bxc4 24.Rd2 Qc6 25.Qxc4 Qxc4 26.Bxc4 Nb6 27.Bb3 Bxf3 28.gxf3 a5 29.Rde2 a4
30.Ba2 Nd7 31.f4 e4 32.Rxe4 Rxe4 33.Rxe4 Nc5 34.Re7 Ne6 35.Rb7 Bd4 36.Kf1 Ra7
37.Rxa7 Bxa7 38.f5 gxf5 39.Be5 Ng5 40.Bb1 Nxh3 41.Bxf5 Nxf2 42.Ke2 h5  1/2-1/2

[Event "Stockholm op2"]
[Site "Stockholm"]
[Date "1994.??.??"]
[Round "1"]
[White "Mortazavi, Ali"]
[Black "Tyrtania, Maximilian"]
[Result "1-0"]
[WhiteElo "2350"]
[BlackElo "2245"]

1.e4 d6 2.d4 Nf6 3.Nc3 Nbd7 4.Nf3 e5 5.Bc4 Be7 6.O-O O-O 7.a4 c6 8.Re1 h6
9.Ba2 Nh7 10.Be3 Ng5 11.Nxg5 Bxg5 12.a5 Bxe3 13.Rxe3 Qh4 14.dxe5 dxe5 15.a6 b6
16.Qd6 Qf6 17.Qc7 Nc5 18.Rf3 Nxa6 19.Rxf6 Nxc7 20.Rxc6 Ne6 21.Nd5 Bb7 22.Rd6 Rfe8
23.f3 Kf8 24.c3 Rad8 25.Rxd8 Rxd8 26.Bc4 Ra8 27.Kf2 Bc6 28.Nb4 Bb7 29.Nd3 Nc5
30.Nxe5 f6 31.Ng6+ Ke8 32.Nf4 a5 33.Ke3 a4 34.Bb5+ Kf8 35.Nd3 Ba6 36.Bxa6 Rxa6
37.Nxc5 bxc5 38.Kd3 Rb6 39.Ra2 Ke7 40.Kc4 Kd6 41.f4 Rb8 42.Rxa4 Rxb2 43.Ra6+ Ke7
44.Ra7+ Kf8 45.g3 Rxh2 46.Kxc5 Re2 47.Kd5 Re3 48.c4 Rd3+ 49.Ke6 Kg8 50.c5 Rc3
51.Kd5 Rxg3 52.c6 Rc3 53.c7 Kh7 54.Kd6 Rd3+ 55.Kc6 Rc3+ 56.Kb7 Rb3+ 57.Ka8  1-0

[Event "Stockholm op2"]
[Site "Stockholm"]
[Date "1994.??.??"]
[Round "5"]
[White "Turner, Matthew"]
[Black "Pedersen, Steffen"]
[Result "1/2-1/2"]
[WhiteElo "2395"]
[BlackElo "2420"]

1.e4 d6 2.d4 Nf6 3.Nc3 e5 4.dxe5 dxe5 5.Qxd8+ Kxd8 6.Bg5 Be6 7.O-O-O+ Nd7
8.f3 c6 9.Nge2 Kc7 10.Kb1 b5 11.Nc1 b4 12.Na4 Nb6 13.Nxb6 axb6 14.Be3 Be7
15.Be2 Ra5 16.b3 Nd7 17.g3 f6 18.Rhf1 Re8 19.Rf2 Bc5  1/2-1/2

[Event "Stockholm op2"]
[Site "Stockholm"]
[Date "1994.??.??"]
[Round "7"]
[White "Olsson, Krister"]
[Black "Bergstrom, Rolf"]
[Result "0-1"]
[WhiteElo "2315"]
[BlackElo "2315"]

1.e4 d6 2.d4 Nf6 3.Nc3 e5 4.dxe5 dxe5 5.Qxd8+ Kxd8 6.Bc4 Be6 7.Bxe6 fxe6
8.Nh3 Bd6 9.Be3 Ke7 10.O-O-O Nc6 11.f3 a6 12.Nf2 Nh5 13.Nd3 Rhf8 14.Ne2 Nf4
15.Nexf4 exf4 16.Bf2 Rg8 17.g4 Ne5 18.Nxe5 Bxe5 19.Bc5+ Bd6 20.Bd4 e5 21.Bf2 Ke6
22.Rd5 Be7 23.Rhd1 Rad8 24.c4 c6 25.Rxd8 Rxd8 26.c5 Rxd1+ 27.Kxd1 Bd8 28.Kc2 Ba5
29.Kd3 Bb4 30.Kc4 Ba5 31.Bh4 Kf7 32.Kb3 Ke8 33.Ka4 Bc7 34.g5 Kd7 35.Be1 Bd8
36.Bc3 Ke6 37.h4 Be7 38.Kb4 b6 39.Kc4 Bxc5 40.Be1 Bd4 41.b3 g6 42.Kd3 Kd6
43.Bb4+ c5 44.Be1 Bg1 45.Ke2 b5 46.Bf2 Bh2 47.a3 Bg3 48.Be1 c4 49.b4 c3 50.Bxc3 Bxh4
51.Be1 Bxg5 52.Bf2 Bd8 53.Kf1 Kc6 54.Kg2 Bb6 55.Be1 Bd4 56.Kh3 Kd6 57.Kg4 h6
58.Bh4 Ke6  0-1

[Event "Sveti Sava"]
[Site "Sveti Sava"]
[Date "1994.??.??"]
[Round "?"]
[White "Ciric, Dragoljub M"]
[Black "Lazic, Miroljub"]
[Result "0-1"]
[WhiteElo "2365"]
[BlackElo "2505"]

1.e4 d6 2.d4 Nf6 3.Nc3 c6 4.h3 Qa5 5.Bd3 e5 6.Ne2 g6 7.O-O Bg7 8.Kh1 O-O
9.f4 exd4 10.Nxd4 Nbd7 11.Be3 Qc7 12.Qf3 Nc5 13.Rae1 Nxd3 14.cxd3 c5 15.Ndb5 Qd7
16.Na3 b6 17.e5 Bb7 18.Ne4 dxe5 19.fxe5 Nxe4 20.dxe4 Bxe5 21.Nc4 Bg7 22.Bf4 Qe6
23.Nd6 Bc6 24.Qg3 Qxa2 25.Nf5 gxf5 26.Bd6 Kh8 27.Bxf8 Rxf8 28.exf5 Qxb2 29.Rf2 Qf6
30.Rd1 Rg8 31.Re1 c4 32.Rf4 c3 33.Rg4 h5 34.Rg5 Rd8  0-1

[Event "SVK-chT"]
[Site "?"]
[Date "1994.??.??"]
[Round "?"]
[White "Kovacova, Zuzana"]
[Black "Pekar, Karol"]
[Result "1/2-1/2"]
[WhiteElo "2085"]
[BlackElo "2160"]

1.e4 d6 2.d4 Nf6 3.Nc3 c6 4.g3 Qa5 5.Bg2 e5 6.Ne2 Be7 7.O-O b5 8.a4 b4 9.Nb1 Ba6
10.Re1 Nbd7 11.Nd2 c5 12.dxe5 dxe5 13.c4 Rd8 14.Qc2 Nf8 15.f4 Ne6 16.Nf3 Nd4
17.Nexd4 exd4 18.b3 d3 19.Qd2 Bb7 20.Ne5 Rd4 21.Bb2 Nxe4 22.Bxe4 Rxe4 23.Qxd3 Rxe1+
24.Rxe1 Qc7 25.Rd1 Bc8 26.Qd5 O-O 27.Nc6 Bb7 28.Nxe7+ Qxe7 29.Qe5 Qxe5 30.Bxe5 Be4
31.Rd2 f6 32.Bb2 Rb8 33.Kf2 Rb7 34.Re2 f5 35.Be5 Rd7 36.Rb2 Kf7 37.Ke2 Rd3
38.Bb8 a6 39.Ba7 Rc3 40.Bxc5 Bc2 41.Bxb4 Rxb3 42.Rxc2 Rxb4 43.c5  1/2-1/2

[Event "SVK-chT"]
[Site "?"]
[Date "1994.??.??"]
[Round "10"]
[White "Kobal, Vladimir"]
[Black "Pekar, Karol"]
[Result "1-0"]
[WhiteElo "2055"]
[BlackElo "2160"]

1.e4 d6 2.d4 Nf6 3.Nc3 c6 4.h3 Qa5 5.Bd3 e5 6.Nf3 Be7 7.O-O Nbd7 8.Ne2 h6
9.Ng3 Nf8 10.c3 g5 11.b4 Qc7 12.c4 g4 13.hxg4 Bxg4 14.Bb2 Ng6 15.Re1 O-O-O
16.d5 Nf4 17.Bf1 Rdg8 18.Qb3 N6h5 19.Nxh5 Bxh5 20.Kh1 Qd7 21.Nh2 Kb8 22.Bc1 Bg5
23.Bxf4 Bxf4 24.g3 Bd2 25.Reb1 Bg6 26.Qc2 Bg5 27.Rd1 Bh5 28.Rd3 Bg6 29.Rdd1 Bh5
30.Be2 Bxe2 31.Qxe2 Rd8 32.Kg2 f5 33.dxc6 Qxc6 34.Rd5 fxe4 35.Qxe4 Rc8 36.c5 dxc5
37.bxc5 Rhe8 38.Re1 Re6 39.Ng4 Rce8 40.Rxe5 Rxe5 41.Nxe5 Qxe4+ 42.Rxe4 Kc7
43.f4 Bf6 44.Kf3 h5 45.g4 b6 46.cxb6+ axb6 47.gxh5 Ra8 48.a4 Kd6 49.Nc4+ Kc5
50.Nxb6  1-0

[Event "SVK-chT"]
[Site "?"]
[Date "1994.??.??"]
[Round "12"]
[White "Safyanovsky, Mark"]
[Black "Okos, Alexander"]
[Result "1/2-1/2"]
[WhiteElo "2285"]
[BlackElo "2035"]

1.e4 d6 2.d4 Nf6 3.Nc3 e5 4.Nf3 Nbd7 5.Be2 Be7 6.O-O c6 7.a4 a5 8.b3 O-O
9.Ba3 Ne8 10.Qd2 Nc7 11.Rfd1 Ne6 12.d5 Nec5 13.Bc4 h6 14.Qe2 Qb6 15.h3 Rd8
16.Qe3 Qc7 17.Kh1 Na6 18.Be2  1/2-1/2

[Event "SVK-chT"]
[Site "?"]
[Date "1994.??.??"]
[Round "13"]
[White "Lanc, Alois"]
[Black "Voloshin, Leonid"]
[Result "1-0"]
[WhiteElo "2445"]
[BlackElo "2410"]

1.e4 d6 2.d4 Nf6 3.Nc3 e5 4.Nf3 Nbd7 5.Bc4 Be7 6.O-O O-O 7.Qe2 c6 8.a4 Qc7
9.Rd1 b6 10.Bg5 Re8 11.d5 c5 12.a5 bxa5 13.Nd2 a6 14.Nb3 Nb6 15.Bxf6 Bxf6
16.Nxa5 Nxc4 17.Qxc4 Rb8 18.b3 Rb4 19.Qe2 Rd4 20.Nc6 Rxd1+ 21.Nxd1 g6 22.Qd2 Bd8
23.Nb2 f5 24.exf5 gxf5 25.Qh6 Rf8 26.Nxd8 Qxd8 27.Nc4 Qf6 28.Qxf6 Rxf6 29.f4 exf4
30.Nb6 Bb7 31.Rf1 Kf7 32.Re1 f3 33.gxf3 f4 34.Re4 Rf5 35.c4 Rf6 36.Kf2 Rf5
37.Ke1 Rf6 38.Kd2 Rf5 39.Kc3 Rf6 40.Kb2 Rf5 41.Ka3 Rf6 42.Ka4 Rf5 43.Ka5 Rh5
44.Rxf4+ Ke7 45.Re4+ Kd8 46.h4 Rh6 47.Rf4 Ke7 48.Na4 Bc8 49.Kb6 Rg6 50.Nc3 Rg2
51.Kc7 Bh3 52.Ne4 Rb2 53.Nxd6  1-0

[Event "SWZ-chT"]
[Site "SWZ"]
[Date "1994.??.??"]
[Round "1"]
[White "Schneider, M."]
[Black "Hug, Marcel"]
[Result "0-1"]
[WhiteElo "2055"]
[BlackElo "2195"]

1.e4 d6 2.d4 Nf6 3.Nc3 Nbd7 4.Nf3 e5 5.Bc4 Be7 6.O-O O-O 7.Bb3 c6 8.h3 b5
9.a3 a6 10.dxe5 dxe5 11.Be3 Qc7 12.Qe2 a5 13.Nd2 Ba6 14.Nd1 Rfd8 15.Bg5 Nc5
16.Bxf6 Bxf6 17.Ne3 g6 18.Rfd1 Rd4 19.f3 Rad8 20.Ndf1 Bc8 21.Kh1 Bg5 22.Ba2 a4
23.c3 Rd3 24.Rxd3 Rxd3 25.Rd1 Qd6 26.Bb1 Rxd1 27.Qxd1 Qxd1 28.Nxd1 Bc1 29.Ng3 Be6
30.Ne2 Bd2 31.Kg1 Bb3 32.Nf2 Bc4 33.Kf1 f6 34.Nd1 Bb3 35.Nf2 Bc4 36.Nd1 Kf7
37.Kf2 Ke6 38.Ne3 Bb3 39.g4 Nd7 40.Nc2 Nb6 41.Nb4 Nc4 42.Nxc6 Nxb2 43.Na5 Nc4  0-1

[Event "SWZ-chT"]
[Site "SWZ"]
[Date "1994.??.??"]
[Round "2"]
[White "Wolff, Armel David"]
[Black "Hug, Marcel"]
[Result "1/2-1/2"]
[WhiteElo "2115"]
[BlackElo "2195"]

1.e4 d6 2.d4 Nf6 3.Nc3 Nbd7 4.g3 e5 5.Nge2 Be7 6.Bg2 O-O 7.O-O c6 8.a4 b6
9.f4 Bb7 10.h3 b5 11.axb5 cxb5 12.d5 b4 13.Na4 Nb6 14.Be3 Nxa4 15.Rxa4 a5
16.c3 bxc3 17.Nxc3 Ba6 18.Re1 Nd7 19.Qa1 Bd3 20.Qd1 Ba6 21.Bf1 Bxf1 22.Rxf1 exf4
23.gxf4 Bf6 24.Qd3 Bxc3 25.Qxc3 Qh4 26.Bd4 Rac8 27.Qf3 Rfe8 28.Rxa5 Rc4 29.Qd3 Rxd4
30.Qxd4 Qg3+ 31.Kh1 Qxh3+ 32.Kg1 Qg4+ 33.Kh1 Qh4+ 34.Kg1  1/2-1/2

[Event "SWZ-chT"]
[Site "SWZ"]
[Date "1994.??.??"]
[Round "6"]
[White "Bhend, Edwin"]
[Black "Mueller, W."]
[Result "1-0"]
[WhiteElo "2315"]
[BlackElo "1990"]

1.e4 d6 2.d4 Nf6 3.Nc3 e5 4.dxe5 dxe5 5.Qxd8+ Kxd8 6.Bc4 Bb4 7.Bd2 Ke7 8.Nf3 Nc6
9.Nd5+ Nxd5 10.exd5 Bxd2+ 11.Kxd2 Rd8 12.Kc3 Na5 13.Nxe5 Bf5 14.Rhe1 Kf8
15.Rad1 f6 16.b4 Nxc4 17.Nxc4 Rd7 18.Ne3 Bg6 19.Kb3 b5 20.c4 a5 21.cxb5 axb4
22.Re2 Rb8 23.Kxb4 c6 24.dxc6 Rxd1 25.Nxd1 Bd3 26.Rd2 Rxb5+ 27.Ka4  1-0

[Event "SWZ-chT"]
[Site "SWZ"]
[Date "1994.??.??"]
[Round "8"]
[White "Summermatter, Daniel"]
[Black "Vogt, Lothar"]
[Result "1-0"]
[WhiteElo "2335"]
[BlackElo "2490"]

1.d4 d6 2.e4 Nf6 3.Nc3 Nbd7 4.Nf3 e5 5.Bc4 Be7 6.O-O O-O 7.Re1 c6 8.a4 b6
9.Bg5 Bb7 10.Qe2 a6 11.Rad1 Qc7 12.Ba2 b5 13.dxe5 dxe5 14.Nh4 Nc5 15.Nf5 Bc8
16.Nxe7+ Qxe7 17.Qe3 Nxa4 18.Nxa4 bxa4 19.Qc3 h6 20.Bh4 c5 21.f4 Qc7 22.fxe5 Nh7
23.Bd5 Rb8 24.e6 fxe6 25.Bg3 Qb6 26.Bxb8 exd5 27.Be5 d4 28.Qg3 Ng5 29.c3 Ne6
30.Qg6 Qxb2 31.Rf1 Qb7 32.cxd4 cxd4 33.Rxf8+ Nxf8 34.Qe8 Qxe4 35.Qxc8 Qxe5
36.Qd8 Qe3+ 37.Kh1 Qe2 38.Qxd4 a3 39.Qd3 Qb2 40.Rb1 Qa2 41.Qb3+ Qxb3 42.Rxb3 g5
43.Rxa3 Kg7 44.Rxa6 h5 45.Kg1 Nh7 46.Kf2 Nf6 47.Ke3 Kg6 48.h4 gxh4 49.Kf4 Kf7
50.Kg5 Nd5 51.Ra3 Ke6 52.Rf3 Ke5 53.Rf5+ Ke4 54.Rxd5 Kxd5 55.Kxh4  1-0

[Event "Wch U16 Girls"]
[Site "Szeged"]
[Date "1994.??.??"]
[Round "7"]
[White "Lakos, Nikoletta"]
[Black "Zhukova, Natalia"]
[Result "0-1"]
[WhiteElo "2260"]
[BlackElo "2260"]

1.e4 d6 2.d4 Nf6 3.Nc3 c6 4.f4 Qa5 5.Bd3 e5 6.dxe5 dxe5 7.f5 b5 8.Bd2 b4
9.Nb1 Nbd7 10.Nf3 Nc5 11.Nxe5 Ncxe4 12.Nxc6 Qb6 13.Qe2 Bxf5 14.Be3 Bc5 15.Bb5 Bd7
16.Bxc5 Qxc5 17.Nd2 O-O 18.Nb3 Qg5 19.Ne7+ Kh8 20.Bxd7 Qh4+ 21.g3 Nxg3 22.hxg3 Qxh1+
23.Qf1 Qe4+ 24.Qe2 Qxe2+ 25.Kxe2 Nxd7 26.Nc6 Rfc8 27.Nba5 Re8+ 28.Kf2 Re4
29.Rd1 Nf6 30.Nd8 Kg8 31.Kf3 h5 32.Nab7 Rc4 33.Rd2 Rc7 34.Na5 Rac8 35.Rd3 Rxc2  0-1

[Event "Wch U16 Girls"]
[Site "Szeged"]
[Date "1994.??.??"]
[Round "9"]
[White "Hunt, Harriet"]
[Black "Lendvai, Edit"]
[Result "1/2-1/2"]
[WhiteElo "2165"]
[BlackElo "2070"]

1.e4 d6 2.d4 Nf6 3.Nc3 Nbd7 4.Nf3 e5 5.Bc4 Be7 6.O-O O-O 7.a4 h6 8.Re1 Re8
9.a5 Bf8 10.h3 c6 11.Ba2 Rb8 12.Be3 b6 13.axb6 axb6 14.Nh4 d5 15.dxe5 Nxe4
16.Nxe4 Qxh4 17.Nd2 Nxe5 18.f4 Ng6 19.Nf3 Qg3 20.Bf2 Rxe1+ 21.Qxe1 Bc5 22.Bxc5 Qxe1+
23.Rxe1 bxc5 24.Re8+ Kh7 25.f5 Nh8 26.Bb3 Ra8 27.c4 Ra1+ 28.Kh2 Bxf5 29.cxd5 cxd5
30.Bxd5 Rd1 31.Ba2 Rd6 32.Re5 Be6 33.Bxe6 Rxe6 34.Rxc5 Rb6 35.Rc2 Ng6 36.Kg3 Rb4
37.Nd2 Ne5 38.b3 g5 39.Rc5 f6 40.Rd5 Kg6 41.Kf2 h5 42.Ke3 Kf5 43.g3 Ke6 44.Rd4 Rb8
45.Ke2 Nc6 46.Ra4 Kd5 47.Kd3 Ne5+ 48.Ke3 Nc6 49.Kd3 Ne5+ 50.Ke3 Nc6 51.Kd3 Ne5+
52.Ke3  1/2-1/2

[Event "Szekszard op"]
[Site "Szekszard"]
[Date "1994.??.??"]
[Round "5"]
[White "Lenart, Endre"]
[Black "Lazic, Miroljub"]
[Result "0-1"]
[WhiteElo "2255"]
[BlackElo "2480"]

1.e4 d6 2.d4 Nf6 3.Nc3 c6 4.Be2 b5 5.Bf3 a6 6.Bf4 Nfd7 7.e5 dxe5 8.dxe5 Qc7
9.Qd4 Qb6 10.Nge2 e6 11.Ne4 c5 12.Qd2 Bb7 13.N2g3 Nc6 14.Nd6+ Bxd6 15.Qxd6 O-O-O
16.Ne4 Ndxe5 17.Bxe5 Rxd6 18.Nxd6+ Kc7 19.Nc4+ Nxe5 20.Nxb6 Bxf3 21.gxf3 Nxf3+
22.Ke2 Nd4+ 23.Kf1 Kxb6 24.c3 Nc6 25.Rd1 Kc7 26.Kg2 Ne7 27.Rhe1 Kc6 28.Rd3 c4
29.Rd4 Nd5 30.Kf3 Kc5 31.Rg1 g6 32.Rh4 h5 33.Re4 Rb8 34.Rc1 a5 35.Kg3 Rd8
36.Rd1 Rd6 37.Red4 f6 38.Re1 e5 39.Rd2 b4 40.cxb4+ axb4 41.Rc2 c3 42.bxc3 bxc3
43.Re4 Rb6 44.Ra4 Rb2 45.Rc1 c2 46.Kf3 Nb4 47.Ra8 Nd3 48.Rc8+ Kd4  0-1

[Event "Timisoara (Women)"]
[Site "Timisoara"]
[Date "1994.??.??"]
[Round "1"]
[White "Cosma, Elena Luminita"]
[Black "Shumiakina, Tatiana"]
[Result "1/2-1/2"]
[WhiteElo "2320"]
[BlackElo "2330"]

1.e4 d6 2.d4 Nf6 3.Nc3 e5 4.dxe5 dxe5 5.Qxd8+ Kxd8 6.Bg5 Be6 7.g3 Nd7 8.f4 h6
9.Bxf6+ Nxf6 10.Nf3 exf4 11.gxf4 g6 12.O-O-O+ Kc8 13.f5 gxf5 14.exf5 Bxf5
15.Ne5 Bc5 16.Nxf7 Rf8 17.Bc4 Ng4 18.Rhf1 Bd7 19.Ne4 Be7 20.Rfe1 Nf6 21.Ng3 Bc5
22.Nxh6 c6 23.Be6 Bxe6 24.Rxe6 Kc7 25.Nhf5 Nd5 26.c4 Nf4 27.Re5 b6 28.Re4 Ng6
29.Nd4 Bxd4 30.Rexd4 Rf7 31.Ne4 Rh8 32.Ng5 Re7 33.R1d2 Rh5 34.Ne4 c5 35.Rd7+ Rxd7
36.Rxd7+ Kxd7 37.Nf6+ Ke6 38.Nxh5 Ne5 39.b3 Nf3 40.h3 Ng5 41.Nf4+ Ke5 42.Nd3+ Ke4
43.Nf2+ Kf3 44.Nd1 Nxh3 45.Nc3 Nf4 46.Nb5 a5 47.Nd6 Nd3+ 48.Kc2 Ne5 49.Nc8 Nd7
50.Kb2 a4 51.Ka3 axb3 52.Kxb3 Ke4 53.Ka4 Kd4 54.Kb5 Nf6 55.Nd6 Kc3 56.a4 Kb3
57.Nc8 Ne4 58.Nxb6 Nd6+ 59.Kxc5 Nxc4 60.Nxc4 Kxa4  1/2-1/2

[Event "Timisoara (Women)"]
[Site "Timisoara"]
[Date "1994.??.??"]
[Round "1"]
[White "Safranska, Anda"]
[Black "Sheremetieva, Marina"]
[Result "1/2-1/2"]
[WhiteElo "2305"]
[BlackElo "2285"]

1.e4 d6 2.d4 Nf6 3.Nc3 e5 4.dxe5 dxe5 5.Qxd8+ Kxd8 6.Bc4 Be6 7.Bxe6 fxe6
8.Bg5 Bd6 9.O-O-O Ke7 10.Nge2 Nc6 11.a3 a6 12.Rd3 h6 13.Bd2 b5 14.f3 b4 15.Nb1 a5
16.Be3 a4 17.Rhd1 Rhb8 18.axb4 Nxb4 19.Ra3 Ra5 20.c3 Nc6 21.Ra2 Nd7 22.Nd2 Bc5
23.Bxc5+ Nxc5 24.Nc4 Raa8 25.Kc2 g5 26.Nc1 Rb5 27.Na3 Rba5 28.Ra1 g4 29.fxg4 Nxe4
30.Nd3 Nf6 31.Nc4 e4 32.Nf2 Rc5 33.Ne3 Nb4+ 34.Kd2 Nbd5 35.Ra3 Rb8 36.Rb1 Nxe3
37.Kxe3 Rc4 38.Kd2 Rd8+ 39.Ke2 Nd5 40.g3 e3 41.Nd1 Rxg4 42.Rba1 Nb6 43.Nxe3 Re4
44.Kf3 Re5 45.c4 Rd2 46.R1a2 Rxh2 47.b4 Rxa2 48.Rxa2 c5 49.bxc5 Rxc5 50.Ke4 Rg5
51.g4 Kd6 52.Kd4 Kc6 53.Rh2 Rg6 54.Rh5 Nd7 55.Ra5 e5+ 56.Kc3 Nc5 57.Kb4 Nd3+  1/2-1/2

[Event "Timisoara (Women)"]
[Site "Timisoara"]
[Date "1994.??.??"]
[Round "5"]
[White "Repkova Eid, Eva"]
[Black "Shumiakina, Tatiana"]
[Result "0-1"]
[WhiteElo "2265"]
[BlackElo "2330"]

1.e4 d6 2.d4 Nf6 3.Nc3 e5 4.Nf3 Nbd7 5.Bc4 Be7 6.O-O O-O 7.Re1 c6 8.a4 b6
9.Bg5 a6 10.Qe2 Bb7 11.Bxf6 Bxf6 12.d5 c5 13.Nd2 g6 14.Nf1 Bg7 15.Ng3 Bc8
16.Bd3 Ra7 17.Nd1 Nb8 18.Ne3 Bh6 19.Rf1 Bd7 20.Nc4 Qc7 21.b3 Rb7 22.Na3 Ra7
23.Nc4 Rb7 24.Na3 Ra7 25.c3 Rc8 26.h4 Rf8 27.h5 Bc8 28.Kh2 Qd8 29.Rh1 Bf4
30.Kg1 Nd7 31.Nf1 Nf6 32.g3 Bg5 33.Nc4 Nxh5 34.Ra2 Ng7 35.f3 h5 36.Qh2 f5
37.f4 exf4 38.e5 fxg3 39.Qxg3 h4 40.Qg2 dxe5 41.Nxe5 Qf6 42.Nf3 Bf4 43.Nxh4 g5
44.Rf2 Bd6 45.Nf3 g4 46.Nh4 c4 47.Bxc4 Bc5 48.Qh2 b5 49.Bd3 bxa4 50.bxa4 Rb7
51.Ng2 Bxf2+ 52.Kxf2 Rb2+ 53.Be2 Re8 54.Nfe3 Qg5 55.Qd6 Nh5 56.Qa3 Rxe2+  0-1

[Event "Timisoara (Women)"]
[Site "Timisoara"]
[Date "1994.??.??"]
[Round "7"]
[White "Mihai, Narcisa"]
[Black "Sheremetieva, Marina"]
[Result "0-1"]
[WhiteElo "2010"]
[BlackElo "2285"]

1.e4 d6 2.d4 Nf6 3.Nc3 c6 4.g3 Qc7 5.a4 Na6 6.Bg2 Nb4 7.Be3 d5 8.Nge2 dxe4
9.Nxe4 Bf5 10.N2c3 Nfd5 11.O-O Nxe3 12.fxe3 e6 13.Rc1 Be7 14.Nd2 O-O 15.e4 Bg6
16.Ne2 e5 17.c3 Nd3 18.Rb1 exd4 19.cxd4 Rad8 20.Qb3 Nc5 21.Qc4 Ne6 22.Rbc1 Bg5
23.Qd3 Qb6 24.Rcd1 Nxd4 25.Nxd4 Qxd4+ 26.Qxd4 Rxd4 27.Nf3 Be3+ 28.Kh1 Rxa4
29.Rd7 Rb4 30.Ne5 Bxe4 31.Bxe4 Rxe4 32.Rfxf7 Rxf7 33.Nxf7 Bc5 34.Rxb7 Be7
35.Nh8 g6 36.Nxg6 hxg6 37.Rd7 Kf7  0-1

[Event "Timisoara (Women)"]
[Site "Timisoara"]
[Date "1994.??.??"]
[Round "9"]
[White "Cosma, Elena Luminita"]
[Black "Sheremetieva, Marina"]
[Result "1-0"]
[WhiteElo "2320"]
[BlackElo "2285"]

1.e4 d6 2.d4 Nf6 3.Nc3 e5 4.dxe5 dxe5 5.Qxd8+ Kxd8 6.Bg5 Be6 7.g3 h6 8.Bxf6+ gxf6
9.O-O-O+ Kc8 10.f4 exf4 11.gxf4 f5 12.Bh3 Bd6 13.Nge2 Re8 14.exf5 Bd7 15.Rhg1 b5
16.Bg2 Nc6 17.Ne4 Rb8 18.Nxd6+ cxd6 19.Nc3 Ne7 20.Rxd6 Nxf5 21.Rxd7 Kxd7
22.Bh3 b4 23.Bxf5+ Kc6 24.Ne4 Re7 25.Ng3 Rb6 26.Bd3 Ra6 27.Nf5 Rd7 28.Nxh6 Rxa2
29.Kb1 Ra5 30.Ng4 Rd4 31.Rf1 Kc7 32.b3 Rh5 33.Ne5 f6 34.Ng4 Rd6 35.f5 Rh4
36.Rf4 a5 37.Rc4+ Kd8 38.Kb2 Ke7 39.Re4+ Kd8 40.Kb1 Rh5 41.Re2 Rh4 42.Rg2 Rh7
43.Ne3 Rd4 44.Nc4 Rd5 45.Rg8+ Ke7 46.Ra8 Rxh2 47.Nxa5 Rh1+ 48.Kb2 Rh2 49.Nc6+  1-0

[Event "Tiraspol"]
[Site "Tiraspol"]
[Date "1994.??.??"]
[Round "5"]
[White "Geller, Efim P"]
[Black "Nevednichy, Vladislav"]
[Result "1/2-1/2"]
[WhiteElo "2490"]
[BlackElo "2480"]

1.e4 d6 2.d4 Nf6 3.Nc3 e5 4.dxe5 dxe5 5.Qxd8+ Kxd8 6.Nf3 Bd6 7.Bc4 Ke7 8.Bg5 c6
9.O-O-O Bc7 10.Nh4 h6 11.Be3 Bb6 12.Rhe1 g6 13.Bxb6 axb6 14.f4 b5 15.fxe5 bxc4
16.exf6+ Kxf6 17.Nf3 Ke7 18.Ne5 Be6 19.Nd5+ cxd5 20.exd5 Rxa2 21.Kb1 Ra6
22.dxe6 Rxe6 23.Nxc4 Nc6 24.Rxe6+ Kxe6 25.Re1+ Kd5 26.b3 Rd8 27.c3 Kc5 28.Kc2 Rd5
29.Nb2 Rh5  1/2-1/2

[Event "Tiraspol"]
[Site "Tiraspol"]
[Date "1994.??.??"]
[Round "8"]
[White "Tseitlin, Mikhail S"]
[Black "Nevednichy, Vladislav"]
[Result "1-0"]
[WhiteElo "2440"]
[BlackElo "2480"]

1.e4 d6 2.d4 Nf6 3.Nc3 e5 4.Nf3 Nbd7 5.Bc4 Be7 6.O-O O-O 7.Re1 c6 8.a4 a5
9.h3 Re8 10.Be3 h6 11.Ba2 Bf8 12.d5 Nb6 13.Qd3 Bd7 14.Nd2 Be7 15.Nc4 Nc8
16.f4 exf4 17.Bxf4 cxd5 18.exd5 Qc7 19.Kh1 Bf8 20.Rf1 Nh5 21.Bxh6 gxh6 22.Qf3 Bxa4
23.Nxa4 b5 24.Qxh5 bxc4 25.Bxc4 Re5 26.Qf3 Bg7 27.Bd3 Qe7 28.Rf2 Ra7 29.Raf1 Qg5
30.Nc3 Re3 31.Qd1 Rae7 32.Rf5 Qh4 33.Qd2 Nb6 34.Nd1 Re1 35.Qxa5 Rxf1+ 36.Rxf1 Nd7
37.Qd8+ Nf8 38.Ne3 Qg5 39.Nf5 Rb7 40.Qe8 Be5 41.h4 Qf6 42.c3 h5 43.g3 Ra7
44.Rg1 Rd7 45.g4 Rd8 46.gxh5+ Kh8 47.Qa4 Nd7 48.Qg4 Rb8 49.Bb1 Qd8 50.Nxd6 Qe7
51.Nf5 Qf8 52.Qe2 Qc5 53.Qg2 Qf8 54.h6  1-0

[Event "JUG-ch"]
[Site "Tivat"]
[Date "1994.??.??"]
[Round "4"]
[White "Matulovic, Milan"]
[Black "Lazic, Miroljub"]
[Result "1-0"]
[WhiteElo "2460"]
[BlackElo "2505"]

1.e4 d6 2.d4 Nf6 3.Nc3 c6 4.a4 Nbd7 5.Nf3 e5 6.Bc4 Be7 7.O-O O-O 8.Ba2 h6
9.Qe2 a5 10.Rd1 Qb6 11.h3 exd4 12.Nxd4 Nc5 13.Nb3 Na6 14.Be3 Qc7 15.Nd4 Nb4
16.Bb3 Re8 17.Qf3 Bd7 18.Qg3 Kf8 19.f3 Rad8 20.Qf2 Bc8 21.Nf5 Bxf5 22.Bb6 Qc8
23.exf5 Qxf5 24.g4 Qg5 25.f4 Qg6 26.f5 Qg5 27.Be3 Nxg4 28.hxg4 Qxg4+ 29.Qg2 Qxg2+
30.Kxg2 d5 31.Bb6 Ra8 32.Bd4 Kg8 33.Kf3 Bg5 34.Ne2 Re4 35.c3 Rae8 36.Ng3 Rf4+
37.Kg2 Na6 38.Re1 Rc8 39.Re2 Nb8 40.Rae1 Nd7 41.Re8+ Rxe8 42.Rxe8+ Kh7 43.Bc2 c5
44.Bxg7  1-0

[Event "Four Nations Team U20"]
[Site "Tjele"]
[Date "1994.??.??"]
[Round "1"]
[White "Tonning, Erik"]
[Black "Kilpela, Panu"]
[Result "1/2-1/2"]
[WhiteElo "2080"]
[BlackElo "2090"]

1.e4 d6 2.d4 Nf6 3.Nc3 c6 4.Nf3 Bg4 5.Be2 e6 6.Be3 Be7 7.O-O O-O 8.Nd2 Bxe2
9.Qxe2 Nbd7 10.a4 e5 11.Nc4 exd4 12.Bxd4 Re8 13.Rfd1 Bf8 14.Qf3 Qc7 15.Ne3 Re6
16.Nf5 Nc5 17.Bxc5 dxc5 18.Rd2 g6 19.Ng3 Bh6 20.Rd3 Nd7 21.Rdd1 Ne5 22.Qe2 Qb6
23.Rab1 Qb4 24.h4 Nc4 25.Rd7 Rf8 26.h5 Bg7 27.Nd1 Ne5 28.Rd2 Bh6 29.c3 Qxa4
30.b3 Qb5 31.Qxb5 cxb5 32.Rd5 Rc8 33.hxg6 hxg6 34.Nf1 a6 35.f3 c4 36.b4 Re7
37.Nf2 Bg7 38.Ne3 Nc6 39.Rc1 Rec7 40.Rd6 Be5 41.Rd5 Bf4 42.Re1 Ne7 43.Rd2 Re8
44.Nh3 Bxe3+ 45.Rxe3 Nc8 46.Nf4 Kg7 47.Kf2 Rce7 48.Ree2 Rh8 49.Re1 g5 50.Ne2 Nb6
51.Ng3 Re6 52.Nf5+ Kg6 53.Rc1 f6 54.Kg3 Ree8 55.Rd6 Na4 56.Rd7 Rh7 57.Rd2 Rc7
58.Kg4 b6 59.Rd5 Re5 60.Rd8 Rh7 61.Rg8+ Kf7 62.Ra8 a5 63.bxa5 bxa5 64.Rxa5 Kg6  1/2-1/2

[Event "Torino op"]
[Site "Torino"]
[Date "1994.??.??"]
[Round "?"]
[White "Rivello, Roberto"]
[Black "Bianco, Valerio"]
[Result "1-0"]
[WhiteElo "2235"]
[BlackElo "2220"]

1.e4 d6 2.d4 Nf6 3.Nc3 c6 4.Be3 Nbd7 5.Nf3 Qa5 6.Bd3 b5 7.O-O e5 8.a4 b4
9.Ne2 Be7 10.Ng3 g6 11.Bc4 O-O 12.h3 Rd8 13.dxe5 Nxe5 14.Nxe5 dxe5 15.Qe2 Bd7
16.Bg5 Re8 17.Qf3 Kg7 18.Qb3 Ng8 19.Rfd1 Rad8 20.Bxf7 Bxg5 21.Rxd7 Rxd7 22.Bxe8 Rd2
23.Qf7+ Kh8 24.Bxc6 Qc5 25.Bd5 Nf6 26.Rf1 Rxc2 27.Kh2 Rxb2 28.Rc1  1-0